[Event "USA-ch"]
[Site "Modesto"]
[Date "1995.??.??"]
[Round "12"]
[White "Kaidanov, Gregory S"]
[Black "Kudrin, Sergey"]
[Result "1-0"]
[WhiteElo "2585"]
[BlackElo "2525"]
[Annotator "Ftacnik,L"]
[PlyCount "65"]
[EventDate "1995.11.??"]
[EventType "tourn"]
[EventRounds "13"]
[EventCountry "USA"]
[EventCategory "12"]
[SourceTitle "CBM 051"]
[Source "ChessBase"]
[SourceDate "1996.04.01"]
[SourceVersion "1"]
[SourceVersionDate "1996.04.01"]
[SourceQuality "1"]

1. e4 {Horvath,T} c5 2. Nf3 d6 3. d4 cxd4 4. Qxd4 Nc6 5. Bb5 Bd7 6. Bxc6 Bxc6
7. Bg5 Nf6 8. Nc3 e6 9. O-O-O Be7 10. Qd3 O-O (10... Qa5 11. h4 h6 $5 (11...
O-O 12. Nd4 Rfc8 13. f4 Rab8 14. f5 $40 {Kamsky-Shirov /Monaco/Blind/1995}) 12.
Bf4 d5 13. Nd4 dxe4 14. Nxc6 bxc6 15. Nxe4 O-O $13 {Stangl-Gabriel/Altensteig/
1994}) 11. Nd4 (11. h4 Qc7 12. Nd4 Rfc8 13. f4 a6 14. Kb1 Rab8 15. Rhg1 Ng4 16.
Nxc6 bxc6 17. Bxe7 Qxe7 18. Qxd6 Qf6 19. Qd2 Rd8 20. Qe2 Rxb2+ 21. Kxb2 Rb8+
22. Kc1 Qxc3 23. Qd3 Qb2+ 24. Kd2 Nf2 {0-1 Finkel,A-Loginov,V/Budapest FS12 GM
(02)/1993 (54)}) (11. Rhe1 Qc7 12. h4 Rfc8 13. Nd4 h6 14. Nxc6 bxc6 15. Bxf6
Bxf6 16. Qxd6 Qa5 17. Qg3 Bxc3 18. Qxc3 Qxa2 19. Rd3 Rd8 20. Qa3 Qc4 {1/2-1/2
Vydeslaver,A-Veingold,A/Benasque op (04)/1993 (27)}) 11... Rc8 (11... Qc7 12.
h4 (12. f4 h6 13. h4 Rfd8 14. Bxf6 Bxf6 15. g4 Rac8 16. g5 Bxd4 17. Qxd4 e5 18.
Qf2 h5 19. f5 b5 20. g6 b4 21. gxf7+ Qxf7 22. Nd5 Bxd5 23. Rxd5 Rc4 {1/2-1/2
Kunze,K-Baumstark,G/Halle-W (02)/1987 (33)}) 12... Rfd8 13. f4 Rab8 (13... a6
14. Kb1 b5 15. e5 dxe5 16. fxe5 Bc5 17. Bxf6 Rxd4 18. Qg3 Rxd1+ 19. Rxd1 Bf8
20. h5 Kh8 21. Bg5 h6 22. Be3 Rd8 {Movsesian,M-Novotny,Ja/CZE-chT2 9495 (01)/
1995/1/2-1/2 (72)}) 14. f5 (14. Kb1 Be8 (14... Rdc8 15. f5 Bd7 16. Nde2 Rd8 17.
Nf4 b5 18. Qg3 Kh8 19. fxe6 fxe6 20. h5 Kg8 21. h6 b4 22. Bh4 Ne8 23. Ncd5 exd5
24. Nxd5 {1-0 Movsesian,S-Leitao,R/WchJM-U16 Szeged (08)/1994 (28)}) 15. f5 Bd7
16. fxe6 fxe6 17. Nce2 Re8 18. Nf4 e5 19. Bxf6 exf4 20. Bg5 Rbc8 21. Bxf4 Bf6
22. Nf5 Qb6 23. b3 Bxf5 24. exf5 Qf2 25. Bg5 {1-0 Malisauskas,V-Bakhtadze,G/
Berliner Sommer (02)/1995 (32)}) 14... e5 15. Bxf6 (15. Nde2 {Boensch} d5 $1)
15... Bxf6 16. Nf3 (16. Nde2 b5 17. g4 b4 18. Nd5 Bxd5 19. Qxd5 Rbc8 20. Rd2 h6
21. Ng1 Qb6 22. Nf3 Rc5 23. Qd3 d5 $1 24. exd5 Rcxd5 {0-1 Borkowski,F-Shirov,A/
Moscow5/1991 (33)}) 16... h5 (16... b5 17. g4 b4 18. Nd5 Bxd5 19. Qxd5 Rdc8 20.
Rh2 Qc4 21. Qxc4 Rxc4 22. Re2 Rc6 23. Rd5 Be7 24. g5 {1-0 De Gleria,F-Fehling,
M/Duesseldorf (02)/1994 (57)}) 17. Kb1 b5 18. Qe2 b4 19. Nd5 Bxd5 20. Rxd5 a5
21. b3 Rdc8 22. Qd3 Qa7 23. Rxd6 {1-0 De Gleria,F-Jajonek,R/Duesseldorf (08)/
1995 (28)}) (11... Qa5 12. f4 Rfc8 13. f5 $40 {Polgar,J-Shirov/Las Palmas/1994}
) 12. f4 (12. h4 Ng4 13. Bxe7 Qxe7 14. Qe2 Nf6 15. g4 a6 16. g5 Nd7 17. f4 b5
18. a3 Bb7 19. f5 Rxc3 20. bxc3 d5 21. fxe6 fxe6 22. Rdf1 {0-1 Levacic,D-Orso,
M/Eger op/1989 (33)}) 12... Qc7 13. h4 Rfd8 14. Kb1 h6 (14... Be8 15. f5 Bd7
16. Ndb5 Bxb5 17. Nxb5 Qc5 18. fxe6 fxe6 19. Nd4 Qe5 20. Qb3 d5 21. exd5 Qxd5
22. Qxd5 exd5 23. Nf5 Rd7 24. Nxe7+ Rxe7 25. Bxf6 gxf6 26. Rd2 {1/2-1/2 Votava,
J-Stohl,I/CZE-chT9495 (06)/1995 (54)}) 15. f5 e5 (15... hxg5 16. hxg5 d5 17.
Qh3 Kf8 18. Qh8+ Ng8 19. Rh7 $18) 16. Bxf6 Bxf6 17. Nxc6 (17. Nde2 b5 $1) 17...
bxc6 (17... Qxc6 $2 18. Nd5 $16) 18. g4 Be7 19. g5 {White can win only on the
kingside and for this he needs some open lines.} (19. Rdg1 f6) 19... hxg5 20.
hxg5 Bxg5 21. f6 $5 (21. Qh3 f6 22. Qh7+ Kf8 $13) 21... Bxf6 (21... gxf6 22.
Qh3 Kf8 23. Ne2 Bf4 24. Qf5 Ke7 25. Nxf4 exf4 26. Rh6 $18) 22. Qf3 (22. Qh3 Kf8
) 22... Qd7 (22... Rb8 23. Ne2 Qb6 24. b3 Bg5 25. Qh5 f6 26. Ng3 d5 27. Nf5
dxe4 28. Qh7+ Kf7 29. Qxg7+ Ke6 30. Qe7+ Kxf5 31. Rdf1+ Bf4 32. Rh5+ Kg4 33.
Qh7 $18) 23. Ne2 Qe6 24. Rdf1 Bg5 25. Qh5 f6 (25... Bh6 26. Ng3 Rb8 (26... Kf8
27. Nf5 Ke8 28. Rhg1 {/\Rg7+-}) 27. Nf5 Rb7 28. Nxh6+ gxh6) 26. Ng3 Qe8 27.
Qh7+ Kf7 $6 {There was a good chance to survive the onslaught, since P chain
is not so easy to break.} (27... Kf8 28. Nh5 Qf7 29. Rhg1 g6 30. Nxf6 Bxf6 31.
Qh6+ Ke7 32. Rxg6 Rf8 33. Rfxf6 Qxf6 34. Rxf6 Rxf6 $10) 28. Nh5 Qg8 29. Qf5 Ke7
(29... Ke8 30. Nxg7+ Qxg7 31. Rh7 Qg8 32. Rfh1 $18) 30. Nxg7 d5 (30... Qxg7 31.
Rh7 $18) 31. Rh7 Kd6 32. Qh3 c5 (32... Rd7 33. Nf5+ Kc7 34. Ne7 $18) 33. Nf5+ (
33. Nf5+ Kc6 34. Ne7+ $18) 1-0

[Event "Vladivostok op"]
[Site "Vladivostok"]
[Date "1995.??.??"]
[Round "9"]
[White "Vorontsov, Nikolay"]
[Black "Zagrebelny, Sergey"]
[Result "0-1"]
[WhiteElo "2360"]
[BlackElo "2510"]
[Annotator "Gagarin,V"]
[PlyCount "60"]
[EventDate "1995.??.??"]
[EventType "swiss"]
[EventRounds "9"]
[EventCountry "RUS"]
[SourceTitle "CBM 046 Extra"]
[Source "ChessBase"]
[SourceDate "1995.07.01"]
[SourceVersion "1"]
[SourceVersionDate "1995.07.01"]
[SourceQuality "1"]

1. e4 c5 2. Nf3 d6 3. d4 cxd4 4. Qxd4 Nc6 5. Bb5 Bd7 6. Bxc6 Bxc6 7. Nc3 Nf6 8.
Bg5 e6 9. O-O-O Be7 10. Qd3 $5 (10. Rhe1) 10... Qa5 $5 (10... O-O) 11. h4 (11.
Bh4 O-O 12. Nd4 Rfc8 $13) (11. Kb1 $5 O-O 12. h4 $13) 11... h6 $1 (11... O-O
12. Nd4 $13 {/\ f4/}) 12. Bf4 $2 (12. Bd2 $6 Qa6 13. Qxa6 bxa6 14. Rhe1 Ng4 15.
Re2 Bb7 16. g3 O-O-O 17. Nd4 Kb8 18. f4 Rc8 19. Be1 Bd8 20. Nb3 Bc7 $15 {
Gaponenko,I-Dvoirys,S/Groningen/1994/0,5/44/}) (12. Bxf6 $1 Bxf6 13. Nd4 O-O
14. f4 $13 {/\ g4-g5/}) 12... d5 $1 $17 13. Nd4 (13. e5 $2 Ne4 $17) (13. exd5
Nxd5 14. Nxd5 Bxd5 15. a3 Rc8 $17 {^^|^<</}) 13... dxe4 14. Nxc6 bxc6 15. Nxe4
Qxa2 $1 $146 (15... O-O $6 16. Kb1 Rfd8 17. Qc4 Nd5 18. Bg3 Qb5 19. Nd2 Bf6 20.
Qxb5 (20. Qb3 $6 Qa6 21. Ne4 Be7 22. c4 Nb6 23. c5 Nc4 24. Nd6 Nxb2 $1 $17 {
Stangl,M-Gabriel,Ch/Altensteig/1994/0:1/49/}) 20... cxb5 21. h5 $10) 16. Nxf6+
(16. Nd6+ Kf8 $17) 16... Bxf6 17. Qd7+ Kf8 18. Bd6+ Kg8 19. c3 (19. Ba3 $2 Rd8
20. Qxd8+ $8 Bxd8 21. Rxd8+ Kh7 22. Rxh8+ Kxh8 23. Rd1 Qc4 $17) (19. Qb7 $6 Kh7
$17) 19... Qa1+ 20. Kc2 Qa4+ 21. Kb1 Qe4+ (21... Rd8 22. Qc7 Qe4+ 23. Ka1 h5 $5
$17 {- 21...Qe4/}) 22. Ka1 Qa4+ 23. Kb1 Rd8 24. Qc7 Qe4+ 25. Ka1 h5 $5 (25...
Qxg2 $5 26. Bg3 (26. Be7 Rxd1+ 27. Rxd1 Qxf2 $17) 26... Rd5 27. Qxa7 Qe4 $17)
26. f3 (26. g3 $5 a5 (26... Qa4+ 27. Kb1 Qb5 28. Kc1 $1 a5 $17 (28... Kh7 $2
29. Qxf7 Rxd6 30. Rxd6 Rb8 31. b4 $1 Bxc3 (31... a5 32. Qxe6 Bxc3 (32... axb4
$2 33. Qe4+ Kh8 34. Qxb4 $18) 33. Qe4+ Kh8 34. Rhd1 Bf6 35. f4 $13) 32. Rxe6
Bb2+ 33. Kc2 Qc4+ 34. Kb1 Qd3+ 35. Ka2 Qa3+ 36. Kb1 Qd3+ $10)) 27. Ba3 Rxd1+
28. Rxd1 Qe2 29. Rd7 Qxf2 30. Rxf7 $17) 26... Qa4+ 27. Kb1 Qb5 28. Ka1 (28.
Rhe1 $2 Bxc3 $1 29. Qxd8+ Kh7 $19) (28. Kc1 $5 $17) 28... Kh7 $1 29. Qxf7 $2 {
Time/} (29. Ba3 $1 Rxd1+ 30. Rxd1 Qa4 (30... Qe2 31. Rd7 Bxh4 (31... Qxg2 32.
Qxc6 $17) 32. Rxf7 Qxg2 33. Ka2 Qg6 34. Rd7 $17) 31. Rd7 Bxc3 32. Qxa7 Ra8 33.
Qxa4 Rxa4 34. bxc3 Rxa3+ 35. Kb2 Ra4 $17 {_|_/}) 29... Rxd6 $1 $19 30. Rxd6
Bxc3 $1 (30... Rb8 31. Rd2 $8 Bxc3 $19 32. bxc3 $140 $6 Qa5+ $19) (30... Bxc3
$1 31. bxc3 Rb8 $19) 0-1

[Event "Olympiad-31"]
[Site "Moscow"]
[Date "1994.12.01"]
[Round "1.1"]
[White "Polgar, Judit"]
[Black "Hamdouchi, Hicham"]
[Result "1-0"]
[WhiteElo "2630"]
[BlackElo "2530"]
[Annotator "Gagarin,V"]
[PlyCount "80"]
[EventDate "1994.12.01"]
[EventType "team-swiss"]
[EventRounds "14"]
[EventCountry "RUS"]
[SourceTitle "CBM 045"]
[Source "ChessBase"]
[SourceDate "1995.04.01"]
[SourceVersion "1"]
[SourceVersionDate "1995.04.01"]
[SourceQuality "1"]
[WhiteTeam "Hungary"]
[BlackTeam "Morocco"]
[WhiteTeamCountry "HUN"]
[BlackTeamCountry "MAR"]

1. e4 c5 2. Nf3 d6 3. d4 cxd4 4. Qxd4 a6 5. Be3 Nf6 6. Nc3 Nbd7 $5 (6... Nc6)
7. O-O-O e5 $5 (7... e6 $14) 8. Qa4 Be7 (8... Rb8 $5 9. Qb3 (9. Bg5 $6 b5 10.
Qb3 Nc5 11. Qb4 d5 $5 12. Nxd5 Nxd5 13. Qxc5 Qxg5+ 14. Nxg5 Bxc5 15. Rxd5 Bxf2
16. Rxe5+ Kf8 $44) 9... Be7 (9... b5 $6 10. Ng5 Qe7 11. f4 h6 12. Nf3 Bb7 $5 (
12... g6 13. fxe5 dxe5 14. Nd5 Nxd5 15. exd5 $36) 13. fxe5 Nxe5 {Gagarin,
V-Barkovsky,E/Moscow/1983/0,5/18/} 14. Be2 $1 g6 15. Nxe5 Qxe5 (15... dxe5 16.
Bxb5+ $1 axb5 17. Qxb5+ Nd7 18. Ba7 $18) 16. Bd4 Qg5+ 17. Kb1 Bg7 18. Rdf1 O-O
19. h4 $18) 10. Bc4 (10. a4 O-O 11. Nd2 Ng4 12. Nc4 Nxe3 13. fxe3 b5 14. Nxd6
Nc5 15. Qd5 Nxa4 16. Nxc8 Qxc8 17. Nxa4 bxa4 $17 {Imanaliev,T-Greenfeld,A/
Moscow(ol)/1994/0:1/26/}) 10... O-O 11. Ng5 (11. Bd5 Ng4 12. Ba7 Ra8 13. h3
Rxa7 14. hxg4 Nc5 15. Qa3 Bxg4 $17) 11... Qe8 12. a4 Ng4 13. Nd5 Bxg5 14. Bxg5
Nc5 15. Qf3 Qxa4 $17) 9. Bc4 (9. Bg5 O-O 10. Bxf6 gxf6 11. Nh4 b5 12. Qb4 $5 (
12. Qb3 $6 Nc5 13. Qb4 d5 $1 14. Rxd5 Nd3+ 15. Bxd3 Bxb4 16. Rxd8 Rxd8 17. Nd5
Bc5 18. Nxf6+ Kg7 $17 (18... Kh8 19. Nf3 Rd6 20. Ne8 Rd7 21. Nf6 Rd6 $138 22.
Ne8 {Kantsler,B-Anikaev,Y/URS(ch 1/2)Nikolaev/1981/0,5(22)/})) 12... Nc5 13.
Nd5 a5 14. Qe1 Rb8 15. Bd3 Be6 16. Kb1 b4 17. Qe3 Kh8 18. Rhe1 $16 {Gagarin,
V-Kruglov,V/Moscow/1987/1:0/33/}) 9... O-O 10. Ng5 $5 (10. Qb3 b5 $1 11. Bd5
Rb8 12. Ba7 b4 $1 13. Bxb8 bxc3 14. Bxf7+ (14. Ba7 cxb2+ 15. Kb1 Nxd5 16. exd5
f5 $1 $44) 14... Rxf7 15. Ng5 cxb2+ 16. Kb1 d5 $8 17. Nxf7 Kxf7 18. exd5 Nc5
19. Qxb2 Bd6 $44 {Veselovsky/}) 10... b5 $2 (10... Nb6 $2 11. Bxf7+ Rxf7 12.
Qb3 $18) (10... h6 $1 11. Bxf7+ Rxf7 12. Nxf7 (12. Ne6 $6 Nb6 $1 13. Nxd8 Nxa4
14. Nxf7 Nxc3 15. Nxh6+ gxh6 16. bxc3 Nxe4 17. Kb2 Be6 18. f3 Ng5 $15) 12...
Kxf7 13. f3 Qg8 $1 14. Qb3+ Kf8 $13 {/\ Nc5/}) 11. Nxb5 $1 axb5 $6 (11... Nb6
$5 12. Nxf7 Rxf7 13. Bxf7+ Kxf7 14. Nxd6+ Qxd6 15. Qb3+ Be6 16. Qxb6 Qxb6 17.
Bxb6 Nxe4 18. Rhe1 Bg5+ 19. Kb1 Nd2+ 20. Ka1 $16) 12. Bxf7+ $1 Rxf7 13. Qxa8
$16 Qc7 (13... Rf8 14. Ne6 Qe8 15. Nxf8 Nxf8 16. f3 Ne6 17. Kb1 $16) 14. f3 Nc5
15. Bxc5 Qxc5 $6 (15... dxc5 16. Nxf7 Kxf7 17. g4 $1 b4 18. a3 $5 bxa3 19. Qxa3
$16) 16. Nxf7 Kxf7 17. Rd3 $1 Be6 18. Rhd1 Bc4 19. Ra3 b4 20. Ra7 d5 21. exd5
Bxd5 22. Qb8 {>< e5/} e4 23. fxe4 Bxe4 24. Rc7 Qg5+ 25. Kb1 Nd5 26. Rc4 Qxg2 $2
(26... Nf6 $16) 27. Re1 $18 Bf5 (27... Nf6 28. Qe5 $18) 28. Qe5 $1 g6 29. Rc7
$1 Kg8 30. Rxe7 Nxe7 31. Qxe7 b3 (31... Qxc2+ 32. Ka1 $18) 32. Qd8+ Kg7 33.
Qc7+ Kh6 34. axb3 Qd2 35. Rf1 Qg2 36. Qf4+ Kg7 37. Rf2 Qh1+ 38. Ka2 Qa8+ 39.
Qa4 Qb8 40. Re2 h5 1-0

[Event "Olympiad-43"]
[Site "Batumi"]
[Date "2018.09.26"]
[Round "3.2"]
[White "Harikrishna, Pentala"]
[Black "Preotu, Razvan"]
[Result "1-0"]
[WhiteElo "2743"]
[BlackElo "2513"]
[Annotator "Ganguly, Surya Sekhar "]
[PlyCount "65"]
[EventDate "2018.09.24"]
[EventType "team-swiss"]
[EventRounds "11"]
[EventCountry "GEO"]
[SourceTitle "CBM 187"]
[Source "ChessBase"]
[SourceDate "2018.12.11"]
[SourceVersion "1"]
[SourceVersionDate "2018.12.11"]
[SourceQuality "1"]
[WhiteTeam "India"]
[BlackTeam "Canada"]
[WhiteTeamCountry "IND"]
[BlackTeamCountry "CAN"]

1. Nf3 c5 {In recent times Preotu has mostly been replying 1...c5 against Nf3}
2. e4 {Hari simply transposes to a Sicilian but with this move order he has
simply made sure he has to see only the Sicilian and not 1...e5 which was the
other line Preotu plays.} d6 3. d4 cxd4 4. Qxd4 {Not a big surprise. Recently
Hari beat Navara by playing this line} Nc6 (4... Nf6 5. Be2 Nc6 6. Qe3 {
Was the actual move order of the Hari - Navara game}) 5. Qe3 {Not as popular
as Bb5 but since it has already played by Hari before and then followed by
Andreikin it will soon gain more followers.} Nf6 6. Be2 {Now we are back to
the Hari - Navara game.} Bg4 {There are many ways Black can chose his setup
and this is one of them. Both Hari and Andreikin have faced this move as White
against Navara and Korobov.} 7. O-O e6 (7... g6 {was David's choice} 8. Rd1
Bxf3 9. Bxf3 Bg7 10. c4 Qc7 11. Nc3 $14 {1-0 (33) Harikrishna,P (2732)-Navara,
D (2727) Prague 2018}) 8. Rd1 Qb8 {A novelty but it is not clear why the queen
should be better placed on b8 after all.} (8... Be7 9. c4 Qc7 10. Nc3 a6 11. b3
O-O 12. Bb2 {1-0 (39) Andreikin,D (2702)-Korobov,A (2667) Minsk 2018}) 9. c4
Be7 10. Nc3 O-O 11. b3 {White has achieved his typical setup with more space
and enjoys a slightly better position.} Bd8 {[%cal Gd8b6] getting the bishop
to a better diagonal} 12. Na4 {Hari didn't want to allow Bb6. However, in the
process Black now gets d5 tactically.} (12. Qd3 $142 Bb6 {Probably this is
something Hari didn't like as White is not really threatening to take on d6
yet.} (12... Ba5 13. Bb2) (12... Nb4 13. Qd2) 13. Bg5 $1 $14 {Now that black
bishop is not protecting f6 knight this causes some trouble for Black. It's
not much but White still maintains some pressure.} (13. Qxd6 Bc7 {[%csl Rh2]}))
12... d5 $1 13. h3 (13. exd5 exd5 14. cxd5 Re8 {[%csl Ge2]} 15. Qd2 Nxd5 $132 {
[%csl Re2] As the knight is on a4 now the e2-bishop is hanging.}) 13... Bh5 (
13... Bxf3 $1 14. Bxf3 d4 {This way Black could solve his problems in the
centre.} 15. Qe2 (15. Rxd4 $2 {Not only it doesn't work on general grounds,
but also loses tactically on the spot.} Nxd4 16. Qxd4 Ng4 $1 $19) 15... Nd7 {
The position remains dynamically balanced.}) 14. g4 (14. cxd5 {Now there was a
chance to grab the pawn. However, it involves a certain amount of
complications and things are not that obvious or else Hari would surely have
taken the pawn. He likes to grab pawns in general :)} exd5 15. exd5 Re8 16. Qd2
$1 Ne4 (16... Ba5 17. Qb2 {Cannot be the reason to refuse the pawn grab.}) 17.
Qf4 $1 (17. Qe1 Bf6 {also not very clear}) 17... Bc7 18. Qh4 {Seen quite a few
moves ahead this may look scary over the board.} Nf6 (18... Bh2+ {doesn't
really work for a number of reasons but one has to pay attention during the
game}) 19. dxc6 (19. Bg5 {Also strong but this is not the way the human brain
works especially when seeing such lines far in advance.} Rxe2 20. Bxf6 Bxf3 21.
Qg5 {is the point} Qf8 22. gxf3 $16) 19... Rxe2 {In a tournament game it is
natural to stop here and rather look for something less complicated way before.
Of course, while analysing and with the computer everything essentially comes
down to numbers and in this case that is +0.60} 20. Bb2 $1 Re4 21. Qg5 h6 22.
Qb5 bxc6 23. Qxb8+ Rxb8 24. Bxf6 gxf6 25. Rd7 $14 {After a series of precise
moves White has finally got into a pleasant endgame.}) 14... Bg6 (14... dxe4
15. gxh5 exf3 16. Bxf3 {Looks much easier to play from White's side.}) 15. e5 {
Hari in his usual style keep things under control.} Ne4 16. Ba3 Be7 $6 (16...
Re8 $1 {Black had to stick to his active pawn sacrifice strategy here also.}
17. cxd5 exd5 18. Rxd5 Bc7 19. Bb5 (19. Bb2 Nf6 $1) 19... a6 (19... Nf6 20. Rc5
Bd6 21. Rxc6 $1 bxc6 22. Bxd6 Qxb5 23. Nd4 $36) 20. Bxc6 bxc6 21. Rd7 Bxe5 (
21... Nf6 22. Rd6 $5) 22. Nxe5 Qxe5 23. Bb2 Qg5 {Black should be able to hold
here}) 17. cxd5 $1 {The correct way. Now Black will be forced to accept a bad
pawn structure.} exd5 (17... Bxa3 18. dxc6 b5 19. Nc3 Bc5 20. Nd4 $16) 18. Bxe7
Nxe7 19. Nc5 {White has got clear advantage with Black having limited
counterplay. Hari plays the remaining part of the game flawlessly.} Rd8 20.
Rac1 Nc6 $2 {It was already worse but this mistake makes it irreparable.} 21.
Na6 $1 Qc8 (21... bxa6 22. Rxc6 $18) 22. Nd4 $18 {There are simply too many
threats which White has in this position.} Nxd4 23. Rxd4 (23. Rxc8 $4 {Turns
the tables} Nxe2+ 24. Qxe2 Raxc8 25. Nb4 Nc3 $19) 23... bxa6 (23... Qd7 24. Nb4
$18) 24. Rxc8 Raxc8 25. Bxa6 {I told you earlier! Hari likes pawns :) Although
here it was also partly in order not to let Black double on the c-file.} Rc3
26. Qe1 Rxh3 27. Qa5 Rf8 28. Rxd5 h5 29. Bf1 Rc3 30. Rd8 Rc8 31. Rxf8+ Rxf8 32.
gxh5 Bxh5 33. e6 1-0

[Event "Rubinstein Memorial 34th"]
[Site "Polanica Zdroj"]
[Date "1997.??.??"]
[Round "6"]
[White "Kaminski, Marcin"]
[Black "Gelfand, Boris"]
[Result "0-1"]
[WhiteElo "2540"]
[BlackElo "2695"]
[Annotator "Gelfand,B"]
[PlyCount "66"]
[EventDate "1997.08.19"]
[EventType "tourn"]
[EventRounds "11"]
[EventCountry "POL"]
[EventCategory "16"]
[SourceTitle "CBM 061"]
[Source "ChessBase"]
[SourceDate "1997.11.23"]
[SourceVersion "1"]
[SourceVersionDate "1997.11.23"]
[SourceQuality "1"]

1. e4 c5 2. Nf3 d6 3. d4 cxd4 4. Qxd4 Nc6 5. Bb5 Bd7 6. Bxc6 Bxc6 7. Nc3 Nf6 8.
Bg5 e6 9. O-O-O Be7 10. Qd3 Qa5 11. h4 h6 12. Bd2 Qa6 13. Qxa6 bxa6 14. Rhe1
Ng4 (14... e5 15. Nh2 O-O-O 16. g3 Rhe8 17. Nd5 Bxd5 18. exd5 Rd7 19. Ba5 Bd8
20. Bxd8 Kxd8 21. Nf1 {1/2-1/2 Kaminski,M-Renet,O/Erevan olm (13) ;EXT 96ch2
1996 (90)}) (14... Bb7 15. Bf4 O-O-O 16. e5 Nh5 17. exd6 Nxf4 18. dxe7 Rxd1+
19. Rxd1 Re8 20. Ne5 Nxg2 21. Nxf7 Rxe7 22. Nd6+ Kc7 23. Nxb7 Kxb7 24. Rd4 {
1/2-1/2 Ivanov,VI-Biriukov,O/St.Petersburg Chigorin (02) ;EXT 95 1995 (55)})
15. Re2 O-O $5 $146 (15... Bb7 16. g3 O-O-O 17. Nd4 Kb8 18. f4 Rc8 19. Be1 Bd8
20. Nb3 Bc7 {1/2-1/2 Gaponenko,I-Dvoirys,S/Groningen op (05) ;EXP 45 1994 (44)}
) 16. Nd4 Bd7 17. f3 Ne5 18. h5 $2 (18. Be1 Rfc8 19. b3 Rab8 20. a4 $11 {/\Na2}
) 18... Rfc8 (18... Nc4 19. Be1 Bg5+ 20. Kb1 Rab8 21. b3 Ne3 22. Rd3 e5 23. Nf5
$15) 19. b3 Rc5 20. Be1 (20. Kb2 Bf6) (20. a4 Rac8 (20... Bf6) 21. Na2 Nd3+ 22.
Kb1 e5 23. cxd3 exd4 $17 {Kaminski,M}) 20... Rac8 $6 (20... Rb8 $1 21. Kb2 (21.
f4 Ng4 22. Nf3 Rxh5 23. e5 d5 $17) (21. Nb1 Bg5+ 22. Kb2 Nc4+ 23. Ka1 Ne3 24.
Rd3 e5 $19) 21... Bf6 $17) 21. Nb1 Rb8 22. Bf2 (22. c4 Bg5+ 23. Kc2 Nxc4 24.
bxc4 Ba4+ 25. Nb3 Rxc4+ 26. Kd3 Bb5 27. Na3 Rc1+ 28. Nxb5 Rxd1+ 29. Kc2 Rxe1
$19) 22... Bf6 23. Be3 (23. Nf5 Bg5+ (23... exf5 24. Bxc5 dxc5 25. f4 fxe4 26.
fxe5 Bg5+ 27. Nd2 Bg4 28. Rxe4 Bxd1 29. Kxd1 $13) 24. Kb2 exf5 25. Bxc5 dxc5)
23... Rbc8 24. Red2 (24. c4 Nxc4 25. bxc4 Rxc4+ 26. Nc2 Ba4 27. Rdd2 d5 (27...
Rb8) 28. exd5 exd5 29. Nba3 Rc3 30. Nb1 R3c7 31. Nba3 Be7 $19) 24... a5 25. c3
(25. a4 $142 a6) (25. Ne2 $4 Nd3+) 25... R5c7 26. Nc2 (26. a4 Rb7) 26... Be7
$17 27. c4 $2 (27. Bf4 f6) 27... a4 28. c5 (28. Nc3 axb3 29. axb3 Nxc4 30. bxc4
Rxc4 31. Nb1 d5 32. Rf2 Ba4 33. Rdd2 Bb4 34. Rde2 d4 $19) 28... axb3 29. axb3
Be8 (29... d5 30. exd5 Bxc5 31. Bxc5 Rxc5 32. Nba3 $15) 30. f4 (30. Rxd6 Bxd6
31. Rxd6 Rb7 32. Nd2 Bb5 $19) (30. cxd6 $2 Nd3+) 30... Ng4 31. Kb2 dxc5 32.
Nba3 Rb8 33. Bg1 (33. Nc4 Bb5) 33... c4 0-1